| 000 | 00484nam a2200169Ia 4500 | ||
|---|---|---|---|
| 003 | GCL | ||
| 008 | 140319s9999 xx 000 0 ara d | ||
| 040 |
_aGCL / _cGCL |
||
| 082 | 0 | 4 |
_a813.03 _bا ت |
| 100 | 1 | _aادوار الخراط | |
| 245 | 1 | 0 |
_aترابها زعفران (نصوص اسكندرانية) / _cادوار الخراط |
| 490 | _a | ||
| 650 | 0 | 4 | _aالقصص العربية |
| 650 | 0 | 4 | _aالاسكندرية |
| 650 | 0 | 4 | _aادوار الخراط |
| 942 |
_2ddc _cBK |
||
| 999 |
_c39870 _d39870 |
||